| 000 | 00490nam a2200169Ia 4500 | ||
|---|---|---|---|
| 999 |
_c26316 _d26316 |
||
| 003 | OSt | ||
| 005 | 20260305114707.0 | ||
| 008 | 190216s9999||||xx |||||||||||||| ||und|| | ||
| 040 | _coclc | ||
| 082 |
_a920 _bNAI/H |
||
| 100 | 1 |
_aVāsudēvan Nāyar, Eṃ. Ti., _d1933- _99426 |
|
| 245 | 0 |
_aHemingway Oru Mukhavura / _cM T Vasudevan nair |
|
| 260 |
_bDc Books, _aKottayam; _c1987. |
||
| 300 | _a94p | ||
| 650 | _aOormakurip | ||
| 942 |
_cBK _2ddc _h920 _iNAI/H _k920 _mNAI/H |
||